| Tag |
First Indicator |
Second Indicator |
Subfields |
| LEADER |
00000cam a2200000 a 4500 |
| 001 |
in00000008002 |
| 005 |
20151002070114.0 |
| 008 |
861010s1987 nyua b 00100 eng |
| 010 |
|
|
|a 86026743
|
| 020 |
|
|
|a 0442280688
|
| 035 |
|
|
|a (OCoLC)14587241
|
| 035 |
|
|
|9 AAA0355AM
|
| 040 |
|
|
|a DLC
|c DLC
|d TXA
|d UtOrBLW
|
| 050 |
0 |
0 |
|a QA76.9.D5
|b B85 1987
|
| 082 |
0 |
|
|a 004/.36
|2 19
|
| 245 |
0 |
0 |
|a Building an open system /
|c Jacob Slonim [and others].
|
| 264 |
|
1 |
|a New York :
|b Van Nostrand Reinhold,
|c [1987]
|
| 264 |
|
4 |
|c ©1987
|
| 300 |
|
|
|a xii, 299 pages :
|b illustrations ;
|c 24 cm.
|
| 336 |
|
|
|a text
|b txt
|2 rdacontent
|
| 337 |
|
|
|a unmediated
|b n
|2 rdamedia
|
| 338 |
|
|
|a volume
|b nc
|2 rdacarrier
|
| 504 |
|
|
|a Bibliography: pages 259-289.
|
| 500 |
|
|
|a Includes index.
|
| 650 |
|
0 |
|a Electronic data processing
|x Distributed processing.
|
| 700 |
1 |
|
|a Slonim, Jacob,
|d 1945-
|
| 999 |
|
|
|a MARS
|
| 999 |
f |
f |
|s 7205e25a-f823-3aae-9a73-7e995110d018
|i 101d0cd6-02ef-3dc7-a49c-a8dc325adb65
|t 0
|
| 952 |
f |
f |
|p ric
|a Texas A&M University
|b Rellis Campus
|c Joint Library Facility
|d Remote Storage
|t 0
|e QA76.9.D5 B85 1987
|h Library of Congress classification
|i unmediated -- volume
|m A14812561556
|
| 998 |
f |
f |
|a QA76.9.D5 B85 1987
|t 0
|l Remote Storage
|